000 00974cam a2200313 a 4500
001 11763342
003 OSt
005 20140310182751.0
008 990719s1999 tnu 000 0 eng
010 _a 99227917
020 _a0849937531
035 _a(DLC) 99227917
040 _aDLC
_cDLC
_dDLC
050 0 0 _aBS 2555.4
_b.L931 1999
082 0 0 _aM 248.2
_bL931 1999
100 1 _aLucado, Max.
245 1 0 _aHe still moves stones /
_cLucado, Max
260 _aNashville :
_bWord Pub.,
_cc1999.
300 _ax, 223 p. ;
_c23 cm.
521 _acollege
526 _c1210L-1700L
541 _j1
562 _e1
650 0 _aBible stories, English
_xN.T. Gospels.
856 4 2 _3Publisher description
_uhttp://www.loc.gov/catdir/enhancements/fy0609/99227917-d.html
906 _a7
_bcbc
_corignew
_d3
_encip
_f19
_gy-gencatlg
942 _2lcc
_cBK
_kM
999 _c15738
_d15738